000 00735nam a2200217Ii 4500
003 JO-AjNU
008 230605s9999||||xx |||||||||||||| ||und||
017 _a1993/5493
020 _a977-225-031-4
040 _aJO-AjNU
_bara
_erda
_cJO-AjNU
041 _aara
050 1 4 _aDS35.62.J3264 1993
100 3 _aالجبرى، عبد المتعال محمد,
_eauthor
_912826
245 0 0 _aالحضارة والتمدن الإسلامي بأقلام فلاسفة النصارى
264 3 1 _aالقاهرة: مكتبة وهبة، 1993
300 _a183ص
336 _atext
_btxt
_2rdacontent
337 _aunmediated
_bn
_2rdamedia
338 _avolume
_bnc
_2rdacarrier
650 4 _aالحضارة الاسلامية-تاريخ
_912827
999 _aA3033
_c6601
_d6601